Imperia według map - Statystyki

Ogólne statystyki
  • Ten quiz został rozwiązany 34 011 razy
  • Średni wynik to 12 z 15
Statystyki odpowiedzi
Obrazkowy Hint Odpowiedź % Poprawnych
1920 Imperium {Francuskie}
95%
1800 Imperium {Hiszpańskie}
95%
1867, ciemnozielony Imperium {Rosyjskie}
94%
117 Imperium {Rzymskie}
94%
1921 Imperium {Brytyjskie}
93%
1683 Imperium {Osmańskie}
93%
1294 Imperium {Mongolskie}
90%
1800 Imperium {Portugalskie}
89%
1940 Imperium {Włoskie}
89%
1942 Imperium {Japońskie}
88%
1821 Imperium {Meksykańskie}
88%
1914 Imperium {Austriacko-węgierskie}
78%
500 p.n.e. Imperium {Perskie}
58%
1525 Imperium {Inków}
52%
1350 Imperium {Mali}
40%
Nie znaleziono quizów pasujących do podanych kryteriów
Rozkład punktacji
Procent ludzi z każdym wynikiem
Percentyl według liczby udzielonych odpowiedzi
Twoja historia wyników
Nie rozwiązałeś tego quizu